000 00700nam a22002297a 4500
003 OSt
005 20140310181741.0
008 130323t xxu||||| |||| 00| 0 eng d
020 _a0879666005
050 _aPE 1117
_b.B715c1 1981
082 _aTR 372.6s
_bB64hg 1981
100 _aBoning, Richard A.
_9392
245 _aReading homographs :
_bE5 through E8 /
_cRichard A. Boning
260 _aNew York :
_bBarnell Loft Ltd,
_cc1981.
300 _a50 p. :
_c18 cm.
_bill. (some col. ) ;
521 _aFaculty
541 _j1
562 _e1
650 _aReading
_xProgrammed instruction.
_9790
650 _aReading
_xStudy and teaching (Elementary).
_9791
942 _2lcc
_cBK-TR
_kTR
999 _c2780
_d2780